|
|
|
|
| LEADER |
02368cam a2200373 a 4500 |
| 001 |
27405679 |
| 003 |
GR-PaULI |
| 008 |
180420s2017 gr b 000 0 gre|c |
| 020 |
|
|
|a 9786188137264
|q (χαρτόδ.)
|
| 040 |
|
|
|a GrPaTEI
|b gre
|c GR-PaULI
|
| 082 |
0 |
4 |
|a 657.45
|b 22
|
| 100 |
1 |
|
|a Βελέντζας, Ιωάννης Ε.,
|d 1961-
|
| 245 |
1 |
0 |
|a Ελεγκτική & δίκαιο, εσωτερικός έλεγχος επιχειρήσεων :
|b για την πρόληψη, τον εντοπισμό & τη διερεύνηση οικονομικής απάτης /
|c Γιάννης Βελέντζας, Νικόλαος Κάρταλης, Γεωργία Μπρώνη.
|
| 246 |
3 |
3 |
|a Ελεγκτική και δίκαιο, εσωτερικός έλεγχος επιχειρήσεων :
|b για την πρόληψη, τον εντοπισμό & τη διερεύνηση οικονομικής απάτης
|
| 260 |
|
|
|a Θεσσαλονίκη :
|b IuS
|c 2017.
|
| 300 |
|
|
|a 900 σ. ;
|c 30 εκ.
|
| 500 |
|
|
|a Ποικίλες ανατυπώσεις.
|
| 504 |
|
|
|a Βιβλιογραφία: σ. 8-28.
|
| 650 |
|
0 |
|a Auditing
|x Law and legislation.
|
| 650 |
|
0 |
|a Auditing, Internal.
|
| 650 |
|
0 |
|a Auditing.
|
| 650 |
|
7 |
|a Ελεγκτική
|x Δίκαιο και νομοθεσία.
|2 nlgaf
|
| 650 |
|
7 |
|a Ελεγκτική.
|2 lcsh/gre
|
| 650 |
|
7 |
|a Ελεγκτική.
|2 nlgaf
|
| 650 |
|
7 |
|a Έλεγχος, Εσωτερικός.
|2 lcsh/gre
|
| 650 |
|
7 |
|a Εσωτερικός έλεγχος.
|2 nlgaf
|
| 700 |
1 |
|
|a Κάρταλης, Νικόλαος Δ.
|e συγγραφέας.
|
| 700 |
1 |
|
|a Μπρώνη, Γεωργία
|e συγγραφέας.
|
| 942 |
|
|
|2 ddc
|
| 952 |
|
|
|0 0
|1 0
|2 ddc
|4 0
|6 657_450000000000000_ΒΕΛ
|7 0
|9 318760
|a LISK
|b LISK
|c EUD
|d 2021-01-17
|e 24
|f 0
|g 0.00
|l 1
|m 1
|o 657.45 ΒΕΛ
|p 99241000067416
|r 2022-05-20 00:00:00
|s 2022-04-19
|t 1
|w 2021-01-17
|y BK15
|x Purchase/Donation Number
|x General Note
|x GrPaTEI
|
| 952 |
|
|
|0 0
|1 0
|2 ddc
|4 0
|6 657_450000000000000_ΒΕΛ
|7 1
|9 318761
|a LISK
|b LISK
|c EUD
|d 2021-01-17
|e 24
|f 0
|g 0.00
|l 0
|o 657.45 ΒΕΛ
|p 99241000067654
|r 2021-01-17 00:00:00
|t 1
|w 2021-01-17
|y BKN
|x GrPaTEI
|
| 952 |
|
|
|0 0
|1 0
|2 ddc
|4 0
|6 657_450000000000000_ΒΕΛ
|7 0
|9 318762
|a MSLG
|b MSLG
|c EUD
|d 2021-01-17
|e 24
|f 0
|g 0.00
|l 0
|o 657.45 ΒΕΛ
|p 99242000029246
|r 2021-01-17 00:00:00
|t 1
|w 2021-01-17
|y BK15
|x GrPaTEI
|
| 971 |
|
|
|a .b27405679
|b 12-06-20
|c 20-03-18
|
| 999 |
|
|
|c 181057
|d 181057
|